| 000 | 00442cam a2200181 4500 | ||
|---|---|---|---|
| 001 | D2203 | ||
| 008 | 090401t1973 xxu||||| |||| 00| 0 eng d | ||
| 035 | _a(Sirsi) u68027 | ||
| 041 | _aeng | ||
| 050 | _a658.1552 | ||
| 100 | _aCartlidge, Duncan P | ||
| 245 | _aCost planning and building economics | ||
| 260 |
_aLondon _bHutchinson Educational _c1973 |
||
| 300 | _a111p. ill. forms | ||
| 350 | _a1.5 | ||
| 942 | _n0 | ||
| 948 | _c04/03/1997 | ||
| 999 |
_c95063 _d95063 |
||